Evolución de la población de Teruel entre 1860 y 1960 (Record no. 171545)
[ view plain ]
| 000 -LEADER | |
|---|---|
| campo de control de longitud fija | 00866nam a22002055i 4500 |
| 001 - NÚMERO DE CONTROL | |
| campo de control | 171545 |
| 003 - IDENTIFICADOR DE NÚMERO DE CONTROL | |
| campo de control | ES-MaACL |
| 005 - FECHA Y HORA DE LA ÚLTIMA TRANSACCIÓN | |
| campo de control | 20230906214647.0 |
| 008 - DATOS DE LONGITUD FIJA--INFORMACIÓN GENERAL | |
| campo de control de longitud fija | 090519s1968 sp |||| | spa d |
| 080 ## - NÚMERO DE LA CLASIFICACIÓN DECIMAL UNIVERSAL | |
| Número de la Clasificación Decimal Universal | 312(465.23)"1860/1960" |
| 100 1# - ENTRADA PRINCIPAL--NOMBRE DE PERSONA | |
| Nombre de persona | Solans Castro, Manuela. |
| 9 (RLIN) | 140234 |
| 245 10 - MENCIÓN DEL TÍTULO | |
| Título | Evolución de la población de Teruel entre 1860 y 1960 |
| Resto del título | : estudio demográfico / |
| Mención de responsabilidad, etc. | Manuel Solans Castro. |
| 260 ## - PUBLICACIÓN, DISTRIBUCIÓN, ETC. | |
| Lugar de publicación, distribución, etc. | Teruel : |
| Nombre del editor, distribuidor, etc. | Instituto de Geografía Aplicada del Patronato "Alonso de Herrera" del C. S. I. C, |
| Fecha de publicación, distribución, etc. | 1968. |
| 300 ## - DESCRIPCIÓN FÍSICA | |
| Extensión | 220 p., 3 lám., 19 map. ; |
| Dimensiones | 24 cm. |
| 594 ## - Nota al título y mención de responsabilidad | |
| Nota al título y mención de responsabilidad | Precede al tít.: Instituto de Estudios Turolenses de la Excma. Diputación Provincial de Teruel. |
| 651 #4 - PUNTO DE ACCESO ADICIONAL DE MATERIA--NOMBRE GEOGRÁFICO | |
| Nombre geográfico | Teruel(Provincia)- |
| Subdivisión general | Población- |
| Subdivisión de forma | Historia. |
| 9 (RLIN) | 234199 |
| 710 2# - ENTRADA AGREGADA--NOMBRE DE ENTIDAD CORPORATIVA | |
| Nombre de entidad corporativa o nombre de jurisdicción como elemento de entrada | Instituto de Estudios Turolenses. |
| 9 (RLIN) | 4937 |
| 852 ## - LOCALIZACIÓN | |
| Ubicación | ES-MaACL |
| Número de control de estantería | C-34351 |
| itemnumber | R.65392 |
| Estatus retirado | Estado de pérdida | Estado de daño | No para préstamo | Biblioteca de origen | Biblioteca actual | Ubicación en estantería | Fecha de adquisición | Fuente de adquisición | Total de préstamos | Signatura topográfica completa | Código de barras | Visto por última vez | Precio de reemplazo | Tipo de ítem Koha |
|---|---|---|---|---|---|---|---|---|---|---|---|---|---|---|
| Biblioteca del Ateneo de Madrid | Biblioteca del Ateneo de Madrid | Depósito 2 | 19/05/2009 | C-34351 | 1180024 | 23/02/2023 | 23/02/2023 | Libro impreso |
